Changing inequalities in rich countries analytical and comparative perspectives

Salvato in:
Dettagli Bibliografici
Altri autori: Salverda, Wiemer, Nolan, Brian, Checchi, Daniele
Natura: Libro
Lingua:inglese
Pubblicazione: Oxford Oxford University Press 2016
Soggetti:
Tags: Aggiungi Tag
Nessun Tag, puoi essere il primo ad aggiungerne!!

MARC

LEADER 00000nam a2200000 4500
001 0224078
005 20230109072630.6
020 |a 978-0-19-878439-5 (pbk) 
020 |a 978-0-19-968743-5 (hbk) 
041 0 |a eng 
044 |a GB 
245 1 0 |a Changing inequalities in rich countries  |b analytical and comparative perspectives  |c edited by Wiemer Salverda ... [et al.] 
264 1 |a Oxford  |b Oxford University Press  |c 2016 
300 |a 411 s. 
610 2 0 |a krajiny vyspelé 
610 2 0 |a situácia hospodárska 
610 2 0 |a príjmy obyvateľstva 
610 2 0 |a nerovnosť 
610 2 0 |a nerovnosť dôchodková 
610 2 0 |a nerovnosť sociálna 
610 2 0 |a chudoba 
610 2 0 |a riadenie hospodárske 
610 2 0 |a dôsledky sociálne 
610 2 0 |a opatrenia 
610 2 0 |a spolupráca medzinárodná 
610 2 0 |a projekty medzinárodné 
610 2 0 |a zber dát 
610 2 0 |a výskum 
700 1 |a Salverda, Wiemer 
700 1 |a Nolan, Brian 
700 1 |a Checchi, Daniele